[Event "IECC KO email"]
[Site "IECC email"]
[Date "2001.05.23"]
[Round "?"]
[White "Duben, Igor"]
[Black "Gaiter, Warren D"]
[Result "1/2-1/2"]
[WhiteElo "1815"]
[BlackElo "1678"]
[PlyCount "64"]
[EventDate "2001.??.??"]
[EventType "tourn (corr)"]
[EventRounds "6"]
[SourceTitle "Corr 2008"]
[Source "ChessBase"]
[SourceDate "2008.06.24"]
[SourceVersion "1"]
[SourceVersionDate "2008.06.24"]
[SourceQuality "1"]

1. e4 e5 2. Nf3 Nc6 3. Bc4 Bc5 4. b4 Bxb4 5. c3 Ba5 6. d4 exd4 7. Qb3 Qe7 8. 0-0 Bb6 9. Bb5 Na5 10. Qb2 dxc3 11. Nxc3 c6 12. Bd3 d6 13. Re1 Be6 14. Nd5 cxd5 15. exd5 Nf6 16. dxe6 fxe6 17. Bf5 e5 18. Nxe5 0-0 19. Nd3 Qd8 20. Bg5 h6 21. Be6+ Kh8 22. Bh4 g5 23. Bg3 Nc6 24. Rad1 Qc7 25. Rc1 Qh7 26. Nb4 Nxb4 27. Qxb4 Nh5 28. Bxd6 Bxf2+ 29. Kh1 Bxe1 30. Rxe1 Qg7 31. Bxf8 Rxf8 32. Bc4 b6 1/2-1/2

[Event "IECC KO email"]
[Site "IECC email"]
[Date "2001.05.23"]
[Round "?"]
[White "Gaiter, Warren D"]
[Black "Duben, Igor"]
[Result "0-1"]
[WhiteElo "1685"]
[BlackElo "1808"]
[PlyCount "84"]
[EventDate "2001.??.??"]
[EventType "tourn (corr)"]
[EventRounds "6"]
[SourceTitle "Corr 2008"]
[Source "ChessBase"]
[SourceDate "2008.06.24"]
[SourceVersion "1"]
[SourceVersionDate "2008.06.24"]
[SourceQuality "1"]

1. d4 Nf6 2. c4 g6 3. Nc3 d5 4. cxd5 Nxd5 5. e4 Nxc3 6. bxc3 Bg7 7. Rb1 c5 8. Bb5+ Bd7 9. Nf3 0-0 10. 0-0 cxd4 11. cxd4 b6 12. Bf4 Bxb5 13. Rxb5 Nd7 14. Re1 e6 15. Qd3 Qe7 16. Rc1 Rac8 17. Rbb1 e5 18. Rxc8 Rxc8 19. Bxe5 Nxe5 20. Nxe5 Bxe5 21. dxe5 Qxe5 22. Rd1 Qb2 23. a4 Rc2 24. Qf3 Rc1 25. g3 Qb1 26. Rxc1 Qxc1+ 27. Kg2 Qc6 28. a5 bxa5 29. Qd3 h5 30. Qd8+ Kh7 31. Qxa5 Qxe4+ 32. Kf1 Qd3+ 33. Kg2 a6 34. Qa2 Qe4+ 35. f3 Qe6 36. Qd2 Qf5 37. Qa2 a5 38. h4 Kg8 39. Qb3 Qd7 40. Qb8+ Kh7 41. Qb2 a4 42. Qa2 Kg8 0-1

[Event "IECC CL5-2000.11"]
[Site "IECC email"]
[Date "2000.02.21"]
[Round "?"]
[White "Magalhaes, Joao Flavio"]
[Black "Gaiter, Warren D"]
[Result "1/2-1/2"]
[WhiteElo "1463"]
[BlackElo "1650"]
[PlyCount "69"]
[EventDate "2000.??.??"]
[EventType "tourn (corr)"]
[EventRounds "4"]
[SourceTitle "Corr 2008"]
[Source "ChessBase"]
[SourceDate "2008.06.24"]
[SourceVersion "1"]
[SourceVersionDate "2008.06.24"]
[SourceQuality "1"]

1. e4 c5 2. Nf3 Nc6 3. d4 cxd4 4. Nxd4 e6 5. Nxc6 bxc6 6. Nc3 d5 7. Qf3 Rb8 8. exd5 exd5 9. Qe3+ Qe7 10. Bd3 Nf6 11. 0-0 Qxe3 12. Bxe3 Rxb2 13. Bxa7 Be7 14. Bd4 Rb4 15. Be5 0-0 16. Rfe1 Be6 17. Ne2 Ra4 18. Nd4 Bd7 19. c3 Rfa8 20. Bf5 Bxf5 21. Nxf5 Bd8 22. f3 g6 23. Nd4 R4a6 24. Nc2 c5 25. Ne3 Rxa2 26. Rxa2 Rxa2 27. Rd1 Re2 28. Bf4 Bb6 29. Kf1 Rb2 30. Be5 Nd7 31. Rxd5 Nxe5 32. Rxe5 Ba7 33. h4 Kg7 34. Rd5 h5 35. Ke1 1/2-1/2

[Event "IECC Swiss email"]
[Site "IECC email"]
[Date "2000.01.12"]
[Round "?"]
[White "Wenger, Joseph"]
[Black "Gaiter, Warren D"]
[Result "1/2-1/2"]
[WhiteElo "1886"]
[BlackElo "1639"]
[PlyCount "89"]
[EventDate "2000.??.??"]
[EventType "tourn (corr)"]
[EventRounds "6"]
[SourceTitle "Corr 2008"]
[Source "ChessBase"]
[SourceDate "2008.06.24"]
[SourceVersion "1"]
[SourceVersionDate "2008.06.24"]
[SourceQuality "1"]

1. e4 c5 2. Nf3 Nc6 3. d4 cxd4 4. Nxd4 g6 5. Nc3 Bg7 6. Be3 Nf6 7. Bc4 Qa5 8. 0-0 0-0 9. Nb3 Qc7 10. Qd2 d6 11. Bh6 Ne5 12. Bxg7 Kxg7 13. Be2 Be6 14. Rfe1 Rac8 15. Rac1 a6 16. Nd5 Bxd5 17. exd5 b5 18. Qd4 Nc4 19. Bg4 Rce8 20. Rcd1 Qb6 21. Qc3 Kg8 22. Be2 Rc8 23. Bxc4 Rxc4 24. Qf3 Rc7 25. c3 Rfc8 26. a3 Kg7 27. Rd2 h6 28. Rdd1 a5 29. Nd2 Qb7 30. Ne4 Nd7 31. Qe3 Nb6 32. Rd3 Nc4 33. Qd4+ f6 34. b3 Nxa3 35. Rh3 b4 36. Qd2 h5 37. c4 a4 38. Ng5 fxg5 39. Qxg5 e5 40. Rg3 Kh8 41. Qxg6 axb3 42. Qh6+ Rh7 43. Qf6+ Rg7 44. Qh6+ Rh7 45. Qf6+ 1/2-1/2

[Event "IECC CL5-2000.06"]
[Site "IECC email"]
[Date "1999.12.18"]
[Round "?"]
[White "Gaiter, Warren D"]
[Black "Kunakov, Oleg"]
[Result "1/2-1/2"]
[WhiteElo "1643"]
[BlackElo "1534"]
[PlyCount "105"]
[EventDate "2000.??.??"]
[EventType "tourn (corr)"]
[EventRounds "4"]
[SourceTitle "Corr 2008"]
[Source "ChessBase"]
[SourceDate "2008.06.24"]
[SourceVersion "1"]
[SourceVersionDate "2008.06.24"]
[SourceQuality "1"]

1. d4 d5 2. c4 e6 3. Nc3 Nf6 4. cxd5 exd5 5. Bg5 Bb4 6. e3 h6 7. Bxf6 Qxf6 8. Rc1 Nc6 9. Bd3 0-0 10. a3 Bxc3+ 11. Rxc3 Re8 12. Ne2 Bf5 13. 0-0 Bxd3 14. Qxd3 Qd6 15. Rfc1 a6 16. Rc5 Rab8 17. Qb3 Red8 18. h3 Kf8 19. h4 g5 20. Qc2 Qe6 21. Qh7 Ke7 22. hxg5 hxg5 23. Qh5 Rg8 24. Qh2 Rbc8 25. Nc3 Rgd8 26. Qh5 f6 27. b4 Kf8 28. b5 Kg7 29. bxc6 b6 30. Rxd5 Rxd5 31. Nxd5 Qxd5 32. a4 Qf5 33. Qh3 Qxh3 34. gxh3 Kf7 35. Kg2 Ke6 36. Kg3 Rh8 37. e4 Rh4 38. f3 Kd6 39. d5 f5 40. Re1 fxe4 41. fxe4 Ke5 42. Kg2 b5 43. axb5 axb5 44. Re3 b4 45. Kf2 Rf4+ 46. Ke2 b3 47. Kd3 Rf2 48. Rg3 g4 49. hxg4 b2 50. Rg1 Rg2 51. Rd1 Rxg4 52. Kc2 Rxe4 53. Kxb2 1/2-1/2

[Event "IECC CL5-2000.04"]
[Site "IECC email"]
[Date "1999.12.02"]
[Round "?"]
[White "Gaiter, Warren D"]
[Black "Popp, Tony"]
[Result "1-0"]
[WhiteElo "1559"]
[BlackElo "1404"]
[PlyCount "61"]
[EventDate "2000.??.??"]
[EventType "tourn (corr)"]
[EventRounds "4"]
[SourceTitle "Corr 2008"]
[Source "ChessBase"]
[SourceDate "2008.06.24"]
[SourceVersion "1"]
[SourceVersionDate "2008.06.24"]
[SourceQuality "1"]

1. d4 g6 2. c4 e6 3. Nf3 Nf6 4. Bg5 d5 5. Nc3 Bg7 6. e4 dxe4 7. Nxe4 Nbd7 8. Be2 0-0 9. 0-0 b6 10. Bd3 Bb7 11. Re1 Re8 12. Ne5 h6 13. Nxd7 hxg5 14. Ndxf6+ Bxf6 15. Nxf6+ Qxf6 16. Be4 Bxe4 17. Rxe4 Rad8 18. Qa4 Re7 19. Qxa7 Rxd4 20. Rxd4 Qxd4 21. Qa3 Rd7 22. Qb3 Qd2 23. Rf1 Rd3 24. Qb5 Qc2 25. a4 Rb3 26. Qc6 Rxb2 27. h3 Rb4 28. Qxc7 Qxa4 29. Rc1 Rb2 30. Qd8+ Kg7 31. Qd4+ 1-0

[Event "IECC CL5-2000.04"]
[Site "IECC email"]
[Date "1999.12.02"]
[Round "?"]
[White "Tan, Aaron"]
[Black "Gaiter, Warren D"]
[Result "0-1"]
[WhiteElo "1523"]
[BlackElo "1553"]
[PlyCount "38"]
[EventDate "2000.??.??"]
[EventType "tourn (corr)"]
[EventRounds "4"]
[SourceTitle "Corr 2008"]
[Source "ChessBase"]
[SourceDate "2008.06.24"]
[SourceVersion "1"]
[SourceVersionDate "2008.06.24"]
[SourceQuality "1"]

1. g3 e5 2. c4 Nf6 3. Nc3 Nc6 4. Bg2 Bc5 5. e3 0-0 6. Nf3 d5 7. cxd5 Nxd5 8. Qc2 Ncb4 9. Qb1 Nxc3 10. bxc3 Nd3+ 11. Ke2 Bf5 12. Qxb7 Rb8 13. Qa6 Re8 14. Qc4 e4 15. Nd4 Qf6 16. f4 Bc8 17. Kd1 Ba6 18. Qd5 Red8 19. Qh5 g6 0-1

[Event "IECC P email"]
[Site "IECC email"]
[Date "1999.11.26"]
[Round "?"]
[White "Gaiter, Warren D"]
[Black "Berchtold, Axel"]
[Result "0-1"]
[WhiteElo "1632"]
[BlackElo "2161"]
[PlyCount "92"]
[EventDate "1999.??.??"]
[EventType "tourn (corr)"]
[EventRounds "6"]
[SourceTitle "Corr 2008"]
[Source "ChessBase"]
[SourceDate "2008.06.24"]
[SourceVersion "1"]
[SourceVersionDate "2008.06.24"]
[SourceQuality "1"]

1. d4 Nf6 2. c4 e6 3. Nc3 Bb4 4. Qc2 c5 5. a3 Bxc3+ 6. Qxc3 cxd4 7. Qxd4 Nc6 8. Qh4 e5 9. Bg5 Nd4 10. Bxf6 gxf6 11. Rc1 Qa5+ 12. Rc3 Qb6 13. b4 d5 14. e3 Nf5 15. Qh5 d4 16. exd4 Nxd4 17. Nf3 Bf5 18. c5 Qc6 19. Nxd4 exd4 20. Rg3 Qe6+ 21. Be2 Bg6 22. Qg4 0-0-0 23. 0-0 d3 24. Bd1 Qxg4 25. Bxg4+ Kb8 26. f4 f5 27. Bd1 Rhe8 28. h4 h5 29. Rgf3 Re4 30. Bb3 d2 31. Rd1 f6 32. Rg3 Bf7 33. Bc2 Rxf4 34. Rd3 Rxd3 35. Bxd3 Rd4 36. Bc2 f4 37. Kf2 Be6 38. Rh1 Bg4 39. Bd1 f5 40. Bxg4 fxg4 41. Rd1 b6 42. cxb6 axb6 43. Ke2 g3 44. Kf3 b5 45. Ke2 Kc7 46. Kf3 Kd6 0-1

[Event "IECC P email"]
[Site "IECC email"]
[Date "1999.08.11"]
[Round "?"]
[White "Rozanski, Robert"]
[Black "Gaiter, Warren D"]
[Result "0-1"]
[WhiteElo "1380"]
[BlackElo "1517"]
[PlyCount "76"]
[EventDate "1999.??.??"]
[EventType "tourn (corr)"]
[EventRounds "6"]
[SourceTitle "Corr 2008"]
[Source "ChessBase"]
[SourceDate "2008.06.24"]
[SourceVersion "1"]
[SourceVersionDate "2008.06.24"]
[SourceQuality "1"]

1. e4 c5 2. Nf3 d6 3. d4 cxd4 4. Nxd4 e5 5. Bb5+ Bd7 6. Bxd7+ Nxd7 7. Nf5 Nc5 8. Nc3 g6 9. Ne3 Nf6 10. f3 Rc8 11. 0-0 Ne6 12. Ned5 Be7 13. Be3 Nxd5 14. Nxd5 a6 15. Nxe7 Qxe7 16. Qd3 0-0 17. Rad1 Rc6 18. Rf2 Rfc8 19. Rfd2 Kh8 20. c3 b5 21. Qd5 f5 22. exf5 gxf5 23. f4 Ng7 24. Qb3 e4 25. Bd4 h6 26. Qd5 Qd7 27. Kf1 Rd8 28. Bf6 Re8 29. Be5 Qc8 30. Bxd6 e3 31. Re2 Rd8 32. Rxe3 Rcxd6 33. Qxd6 Qc4+ 34. Kg1 Rxd6 35. Rxd6 Qxf4 36. Red3 Qe4 37. Rd1 Ne6 38. R1d2 Qe1# 0-1

[Event "IECC CL5-1999.08"]
[Site "IECC email"]
[Date "1999.03.02"]
[Round "?"]
[White "Gaiter, Warren D"]
[Black "Wedgeworth, Sam C"]
[Result "1-0"]
[WhiteElo "1351"]
[BlackElo "1699"]
[PlyCount "93"]
[EventDate "1999.??.??"]
[EventType "tourn (corr)"]
[EventRounds "4"]
[SourceTitle "Corr 2008"]
[Source "ChessBase"]
[SourceDate "2008.06.24"]
[SourceVersion "1"]
[SourceVersionDate "2008.06.24"]
[SourceQuality "1"]

1. d4 Nf6 2. c4 g6 3. Nc3 d5 4. Nf3 Bg7 5. Qb3 dxc4 6. Qxc4 0-0 7. e4 Na6 8. Be2 c5 9. d5 e6 10. d6 e5 11. Nb5 Be6 12. Qa4 c4 13. Bg5 Nc5 14. Qa3 Qb6 15. Nc7 Nfxe4 16. Be3 Qxd6 17. Nxa8 Rxa8 18. 0-0 Nd3 19. Qxd6 Nxd6 20. Rfd1 Nf5 21. Bxd3 cxd3 22. Ng5 Nxe3 23. fxe3 Rd8 24. Nxe6 fxe6 25. e4 Bh6 26. a4 d2 27. Kf2 Rd4 28. Kf3 Kf7 29. Ra3 Ke7 30. Rb3 b6 31. a5 bxa5 32. Rb7+ Rd7 33. Rxd7+ Kxd7 34. Ke2 Kc6 35. Rf1 Kc5 36. Rf7 Kd4 37. Rxh7 Bf4 38. Rxa7 Kxe4 39. Rxa5 Kd4 40. g3 Be3 41. Ra8 Ke4 42. b4 Kf5 43. Ra3 Bg1 44. Kxd2 e4 45. h3 Kf6 46. b5 Ke5 47. Ke2 1-0

[Event "IECC KO email"]
[Site "IECC email"]
[Date "1998.11.15"]
[Round "1"]
[White "Payot, Christian"]
[Black "Gaiter, Warren D"]
[Result "1-0"]
[WhiteElo "1444"]
[BlackElo "1227"]
[PlyCount "47"]
[EventDate "1998.??.??"]
[EventType "tourn (corr)"]
[EventRounds "6"]
[SourceTitle "Corr 2008"]
[Source "ChessBase"]
[SourceDate "2008.06.24"]
[SourceVersion "1"]
[SourceVersionDate "2008.06.24"]
[SourceQuality "1"]

1. d4 Nf6 2. Bg5 e6 3. e4 h6 4. Bxf6 Qxf6 5. Nc3 Bb4 6. Qd2 0-0 7. e5 Qe7 8. a3 Bxc3 9. Qxc3 d5 10. Nf3 b6 11. 0-0-0 Bb7 12. h4 Na6 13. g4 Rac8 14. Be2 c5 15. Qe3 c4 16. c3 Nb8 17. Rdg1 Kh7 18. Bd1 Kh8 19. h5 b5 20. g5 hxg5 21. Rxg5 f6 22. Rg6 Rf7 23. h6 Kg8 24. hxg7 1-0

[Event "IECC P email"]
[Site "IECC email"]
[Date "1998.07.08"]
[Round "?"]
[White "Richard, Andy"]
[Black "Gaiter, Warren D"]
[Result "0-1"]
[WhiteElo "1009"]
[BlackElo "1220"]
[PlyCount "68"]
[EventDate "1998.??.??"]
[EventType "tourn (corr)"]
[EventRounds "6"]
[SourceTitle "Corr 2008"]
[Source "ChessBase"]
[SourceDate "2008.06.24"]
[SourceVersion "1"]
[SourceVersionDate "2008.06.24"]
[SourceQuality "1"]

1. f4 d5 2. Nf3 Nf6 3. e3 g6 4. Be2 Bg7 5. 0-0 0-0 6. d3 c5 7. Qe1 Nc6 8. c3 Re8 9. Na3 Bf5 10. Nh4 Bd7 11. d4 b6 12. Nc2 Na5 13. b3 e6 14. c4 Qc7 15. Bb2 dxc4 16. bxc4 cxd4 17. Nxd4 Nxc4 18. Rc1 b5 19. Ba1 Rac8 20. Qb4 Qd6 21. Qxd6 Nxd6 22. Rxc8 Rxc8 23. g3 Nd5 24. Kf2 Bxd4 25. Bxd4 Rc2 26. Kf3 Bc6 27. e4 Nxe4 28. Kxe4 Rxe2+ 29. Kd3 Rxa2 30. Rf2 Rxf2 31. Bxf2 a5 32. Bc5 f6 33. Kd4 Kf7 34. Nf3 Nxf4 0-1

[Event "IECC CL7-1998.07"]
[Site "IECC email"]
[Date "1998.03.08"]
[Round "?"]
[White "Gaiter, Warren D"]
[Black "Pool, Theo"]
[Result "1-0"]
[WhiteElo "1183"]
[BlackElo "996"]
[PlyCount "95"]
[EventDate "1998.??.??"]
[EventType "tourn (corr)"]
[EventRounds "4"]
[SourceTitle "Corr 2008"]
[Source "ChessBase"]
[SourceDate "2008.06.24"]
[SourceVersion "1"]
[SourceVersionDate "2008.06.24"]
[SourceQuality "1"]

1. c4 e5 2. Nc3 Nf6 3. Nf3 Nc6 4. g3 Bb4 5. Nd5 e4 6. Nxb4 Nxb4 7. Nd4 0-0 8. Bg2 d5 9. cxd5 Qxd5 10. Nb3 Bg4 11. 0-0 Qh5 12. f3 exf3 13. exf3 Bd7 14. a4 a6 15. d4 Nbd5 16. Nc5 Bc6 17. Bd2 Rfd8 18. Re1 Nb6 19. Re5 Qg6 20. Bf4 Nfd5 21. Rg5 Qf6 22. Rg4 Nxf4 23. Rxf4 Qd6 24. Qd3 Nd5 25. Rh4 h6 26. Ne4 Qd7 27. Qd2 Re8 28. b3 Rad8 29. Rc1 Ne7 30. Bh3 Qd5 31. Qd1 Nf5 32. Bxf5 Qxf5 33. Qd3 Re7 34. Rc5 Qe6 35. Kf2 Bxe4 36. Rxe4 Qg6 37. Ke3 Qf6 38. Qc4 c6 39. b4 Rde8 40. Qd3 Rxe4+ 41. fxe4 Qg6 42. b5 axb5 43. axb5 Re6 44. bxc6 bxc6 45. Qc2 Kf8 46. Ra5 h5 47. Ra8+ Re8 48. Qc5+ 1-0

[Event "IECC CL7-1998.07"]
[Site "IECC email"]
[Date "1998.03.08"]
[Round "?"]
[White "Gaiter, Warren D"]
[Black "Stoffers, Ben"]
[Result "1/2-1/2"]
[WhiteElo "1183"]
[BlackElo "1136"]
[PlyCount "82"]
[EventDate "1998.??.??"]
[EventType "tourn (corr)"]
[EventRounds "4"]
[SourceTitle "Corr 2008"]
[Source "ChessBase"]
[SourceDate "2008.06.24"]
[SourceVersion "1"]
[SourceVersionDate "2008.06.24"]
[SourceQuality "1"]

1. c4 Nf6 2. Nc3 e6 3. d4 c5 4. Nf3 d5 5. cxd5 Nxd5 6. e4 Nxc3 7. bxc3 cxd4 8. cxd4 Nc6 9. Bc4 b5 10. Be2 Bb4+ 11. Bd2 Qa5 12. Rb1 Bxd2+ 13. Qxd2 Qxd2+ 14. Kxd2 a6 15. Rhc1 Bb7 16. a4 b4 17. d5 exd5 18. exd5 0-0-0 19. Rc5 Kb8 20. Kc2 Ne7 21. Rxb4 Nxd5 22. Rxd5 Rxd5 23. Bxa6 Rc8+ 24. Kb2 Rc7 25. Rb3 Ra5 26. Be2 Ka7 27. Nd4 Rd7 28. Nb5+ Kb8 29. Ka3 g6 30. Bf3 Bxf3 31. Rxf3 Rb7 32. Kb4 Ra6 33. Rd3 Re7 34. Rd2 Re4+ 35. Nd4 Rh4 36. h3 Kb7 37. a5 Rd6 38. Kc5 Rf6 39. Rb2+ Ka6 40. Rb6+ Rxb6 41. axb6 Rf4 1/2-1/2